00787nam a22001337a 450000500170000002000180001708200160003510000210005124500790007226000350015130000090018652004420019565000160063720260701140404.0 a9798998687419 a658.4092DAL aBaggini, Julian. aHow the world thinksbThe Top 15 Mistakes Leaders Make and How to Fix Them bZero-To-Sixty Publishingc2025 a169. aAnd to make things worse, a lot of leadership books don’t make it any less confusing or any easier. They just throw a bunch of theory at you, leaving you to wonder “but what do I actually need to do to be a better leader?” In How To Suck As A Leader, Travis Dalrymple delivers no-BS leadership tactics that you can implement today. Instead of useless theory, he tells you exactly how to lead high performing and high morale teams. aLeadership.